| 000 | 01213nam a2200277 i 4500 | ||
|---|---|---|---|
| 003 | EG-GICUC | ||
| 005 | 20260121101157.0 | ||
| 008 | 251108s1997 ku ||||fr|||| 000 0 ara d | ||
| 040 |
_a EG-GICUC _bara _c EG-GICUC _d EG-GICUC _erda |
||
| 082 | 0 | 4 |
_221 _a341.60567 _bم ر . ت |
| 092 | 0 | 4 | _221 |
| 099 | _alaw1 11 341.60567 1997 م ر . ت | ||
| 100 | 0 | _eAuthor. | |
| 110 |
_aمركز البحوث والدراسات الكويتية _eAuthor. |
||
| 245 |
_aتنديد العلماء المسلمين بالغزو العراقي على دولة الكويت : _bوثيقة مخطوطة وموقعة بأقلام نخبة من القادة والعلماء المسلمين _cمركز البحوث والدراسات الكويتية |
||
| 264 |
_aالكويت : _bمركز البحوث والدراسات الكويتية ، _c1997. |
||
| 300 |
_a112 صفحة : _c24 سم |
||
| 336 |
_2rda content _atext |
||
| 337 |
_2rda media _aComputer |
||
| 338 |
_2rda carrier _aOnline Resource |
||
| 546 | _aالنص باللغة العربية | ||
| 650 | 1 | 4 | _aالقانون الدولي العام |
| 856 | 4 | 0 | _uhttps://fll.law.cu.edu.eg/fulltext/bks/B11-04380.pdf |
| 905 | _a39 | ||
| 942 |
_2ddc _cBK _e21 _n0 |
||
| 999 |
_c41752 _d41752 |
||